| 000 | 01170nam a2200325 i 4500 | ||
|---|---|---|---|
| 001 | 179700 | ||
| 003 | ES-MaACL | ||
| 005 | 20240104063014.0 | ||
| 008 | 120111s2011 sp |||| | spa d | ||
| 020 | _a978-84-9892-216-5 | ||
| 080 | _a355.402(410:460)"19" | ||
| 080 | _a327(460)"1931/39" | ||
| 080 | _a94(460)"1936/39" | ||
| 080 | _a355.40(460)"1936/39" | ||
| 100 | 1 |
_aViñas, Ángel, _d1941- _9115369 |
|
| 245 | 1 | 3 |
_aLa conspiración del general Franco : _by otras revelaciones acerca de una guerra civil desfigurada / _cÁngel Viñas. |
| 250 | _a1ª ed. | ||
| 260 |
_aBarcelona : _bCrítica, _c2011. |
||
| 300 |
_aXV, 360 p. ; _c24 cm. |
||
| 490 | 1 | _aCrítica contrastes | |
| 500 | _aÍndice analítico. | ||
| 504 | _aBibliografía: p. [325]-334. | ||
| 650 | 4 |
_aEspionaje británico- _zEspaña. _9148999 |
|
| 651 | 4 |
_aEspaña- _xPolítica exterior- _y1931-1939. _98423 |
|
| 651 | 4 |
_aEspaña- _xHistoria- _y1936-1939, Guerra civil- _xCausas y antecedentes. _98299 |
|
| 830 | 1 |
_aCrítica contrastes _9180307 |
|
| 852 |
_aES-MaACL _jA-11868 _9186599 _bR.147057 _cDEPO1 _dOlim: N-4873 |
||
| 942 |
_2udc _cMONOGRAFIA |
||
| 999 |
_c179700 _d179700 |
||